Dirigeants de France de Clovis au Second Empire - Statistiques

Statistiques générales
  • Ce quiz a été pris 204 fois
  • Le résultat moyen est 25 sur 79
Statistiques - réponses
Mérovingiens Réponses % Correct
1314-1316 Louis X
78%
768-814 Charlemagne
77%
1461-1483 Louis XI
72%
1715-1774 Louis XV
69%
1774-1792 Louis XVI
68%
1643-1715 Louis XIV
67%
1804-1814 Napoléon I
67%
1815 (Cent-Jours) Napoléon I
67%
1498-1515 Louis XII
66%
481-511 Clovis I
65%
1815 (2 semaines Napoléon II
64%
1226-1270 Louis IX
63%
1610-1643 Louis XIII
62%
1852-1870 Napoléon III
60%
1824-1830 Charles X
59%
1814-1815 Louis XVIII
59%
1815-1824 Louis XVIII
59%
879-882 Louis III
56%
1031-1060 Henri I
55%
1547-1559 Henri II
53%
1515-1547 François I
52%
1574-1589 Henri III
52%
1589-1610 Henri IV
52%
751-768 Pépin Le Bref
52%
1380-1422 Charles VI
48%
639-657 Clovis II
48%
1422-1461 Charles VII
45%
1483-1498 Charles VIII
43%
1559-1560 François II
43%
1560-1574 Charles IX
42%
629-639 Dagobert I
40%
1830-1848 Louis-Philippe I
40%
987-996 Hugues Capet
38%
1060-1108 Philippe I
36%
1848-1852 Louis Napoléon Bonaparte
33%
511-561 Clotaire I
32%
584-629 Clotaire II
28%
561-584 Chilpéric I
27%
662-675 Childéric II
26%
711-715 Dagobert III
25%
814-840 Louis le Pieux
25%
1830 Henri V
24%
1795-1799 Directoire
23%
743-751 Childéric III
22%
715-721 Chilpéric II
22%
1799-1804 Consulat
20%
954-986 Lothaire
20%
923-936 Raoul
20%
888-898 Eudes
18%
675-691 Thierry III
18%
691-695 Clovis IV
16%
721-737 Thierry IV
15%
1350-1364 Jean II le Bon
13%
1108-1137 Louis VI Le Gros
12%
879-884 Carloman II
11%
1792-1793 Convention
11%
1794-1795 Convention
11%
1180-1223 Philippe II Auguste
10%
1285-1314 Philippe IV Le Bel
10%
843-877 Charles II Le Chauve
8%
695-711 Childebert IV
8%
1316 (5 jours) Jean I Le Posthume
8%
1223-1226 Louis VIII Le Lion
8%
936-954 Louis IV d'Outremer
7%
1270-1285 Philippe III Le Hardi
6%
884-887 Charles III Le Gros
5%
877-879 Louis II Le bègue
5%
1137-1180 Louis VII Le Jeune
5%
1316-1322 Philippe V Le Long
5%
996-1031 Robert II Le Pieux
5%
1364-1380 Charles V le sage
4%
893-923 Charles III Le Simple
3%
1322-1328 Charles IV Le Bel
3%
737-743 Interrègne
3%
986-987 Louis V Le Fainéant
3%
1793-1794 Comité de salut public
2%
1328-1350 Philippe VI de Valois
2%
843 Traité de Verdun
2%
657-662 Childebert III L'adopté
0%
Aucun quiz correspondant
Distribution des résultats
% des personnes avec chaque résultat
Percentile par nombre de réponses
Votre historique - résultats
Vous n’avez pas pris ce quiz